1: La crisi dell'Europa, le origini e il contesto.
Uloženo v:
| Médium: | Kniha |
|---|---|
| Jazyk: | italština |
| Vydáno: |
Torino :
UTET,
[2005]
|
| Témata: | |
| Tagy: |
Žádné tagy, Buďte první, kdo vytvoří štítek k tomuto záznamu!
|
MARC
| LEADER | 00000nam a2200000 ib4500 | ||
|---|---|---|---|
| 001 | IT\ICCU\MOD\0970349 | ||
| 003 | ItRI | ||
| 005 | 20260115231844.0 | ||
| 008 | 051025s2005 it |||||| ||||| |||||c | ||
| 015 | |2 IT |a 2005-10324 | ||
| 020 | |a 8802071977 | ||
| 020 | |a 8802072876 | ||
| 040 | |b ita |c importazione bologna sebina | ||
| 041 | 7 | |a ita |2 ISO-639-2 | |
| 082 | |a 940.53 |9 STORIA GENERALE DELL'EUROPA. SECONDA GUERRA MONDIALE, 1939-1945 |2 12 | ||
| 245 | 0 | 6 | |a 1: La crisi dell'Europa, |p le origini e il contesto. |
| 260 | |a Torino : |b UTET, |c [2005] | ||
| 300 | |a XII, 585 p. : |b ill. ; |c 25 cm. | ||
| 650 | 7 | |a Antisemitismo |x Storia |x Sec. 20. |2 scbi | |
| 650 | 7 | |a Ebrei |x Persecuzioni |x 1939-1945 |x Saggi |2 scbi | |
| 650 | 7 | |a Europa |x Storia |x 1900-1945 |2 scbi | |
| 773 | 0 | |w IT\ICCU\BRI\0344007 |t Storia della Shoah |g 1 | |
| 942 | |2 ddc |c BK |n 0 | ||
| 952 | |0 0 |1 0 |4 0 |6 DOC_940_531000000000000_STO |7 0 |9 14363 |a BO |b BO |d 2026-01-15 |i 11497 |l 0 |o DOC 940.531 STO |p BO11497 |r 2026-01-15 23:18:44 |w 2026-01-15 |x [Sebina 7] [v. 1-5; DVD 1-3; cd rom 1] |y BK |z v. 1 | ||
| 999 | |c 12400 |d 12400 | ||